Central Library OPAC University of Rajshahi

Epistle to a godson : (Record no. 15464)

MARC details
000 -LEADER
fixed length control field 00639nam a2200229 a 4500
001 - CONTROL NUMBER
control field 15464
003 - CONTROL NUMBER IDENTIFIER
rucl marc code BD-RjUL
005 - DATE AND TIME OF LATEST TRANSACTION
control field 20211208235824.0
008 - FIXED-LENGTH DATA ELEMENTS--GENERAL INFORMATION
fixed length control field 170202s1972 enk 000 0 eng d
020 ## - INTERNATIONAL STANDARD BOOK NUMBER
International Standard Book Number 0571099890
035 ## - SYSTEM CONTROL NUMBER
System control number (BD-RjUL)15518
040 ## - CATALOGING SOURCE
Original cataloging agency DLC
Transcribing agency DLC
Modifying agency DLC
Language of cataloging eng
041 ## - LANGUAGE CODE
Language code of text/sound track or separate title eng
082 00 - DEWEY DECIMAL CLASSIFICATION NUMBER
Classification number 821.912
Edition number 23
Author mark and year AUE 1972
100 1# - MAIN ENTRY--PERSONAL NAME
Personal name Auden, W. H.
Fuller form of name (Wystan Hugh),
Dates associated with a name 1907-1973.
9 (RLIN) 188988
245 10 - TITLE STATEMENT
Title Epistle to a godson :
Remainder of title and other poems /
Statement of responsibility, etc. W. H. Auden.
260 ## - PUBLICATION, DISTRIBUTION, ETC. (IMPRINT)
Place of publication, distribution, etc. London,
Name of publisher, distributor, etc. Faber & faber,
Date of publication, distribution, etc. 1972.
300 ## - PHYSICAL DESCRIPTION
Pagination 72 p.
Size 23 cm.
650 ## - SUBJECT ADDED ENTRY--TOPICAL TERM
Topical term or geographic name as entry element English poetry.
9 (RLIN) 179095
942 ## - ADDED ENTRY ELEMENTS (KOHA)
Source of classification or shelving scheme Dewey Decimal Classification
Koha item type Books
Holdings
Lost status Source of classification or shelving scheme Damaged status Not for loan Collection code Permanent Location Current Location Shelving location Date acquired Source of acquisition Cost, normal purchase price Total Checkouts Full call number Date last seen Copy number Koha item type
  Dewey Decimal Classification   Not For Loan Non-fiction Central Library, University of Rajshahi Central Library, University of Rajshahi Reading Room 14/06/1977 W. Hiffer and sons, London. 0.00   821.912 AUE 1972 25/01/2017 C-1 Books